000 00584nam a2200169 4500
001 122329
003 ES-MaACL
005 20230906191945.0
007 t|
008 070214s1982 sp r ||||1| spa d
100 1 _aPrieto Escudero, Germán.
_993926
245 1 3 _aLa quiebra fáctica del `Full Exployment` y su replanteamiento doctrinal /
_cGermán Prieto Escudero.
260 _a[S. l.] :
_b[s. n.],
_c1982.
300 _a12 h. ;
_c24 cm.
500 _aEs tirada aparte de: Revista de Economía Política, nº 91, pp. 155 - 177 (1982)
852 _aES-MaACL
_j2125-F-13
_bR.104077
999 _c122329
_d122329